Statistics for SUPERBOWL WINNING QBS AND WHO DRAFTED THEM

Click here to take the quiz!

General Stats

  • This quiz has been taken 1,096 times
  • The average score is 4 of 13

Answer Stats

DRAFTED BYQUARTER BACK% Correct
Atlanta FalconsBrett Favre
85%
San Diego ChargersEli Manning
65%
San Diego ChargersDrew Brees
56%
Tampa Bay BuccaneersSteve Young
41%
Pittsburg SteelersJohnny Unitas
37%
Baltimore ColtsJohn Elway
34%
Minnesota VikingsBrad Johnson
25%
**Green Bay Packers**Kurt Warner
24%
Tampa Bay BuccaneersTrent Dilfer
22%
Tampa Bay BuccaneersDoug Williams
21%
New England PatriotsJim Plunkett
16%
Pittsburg SteelersLen Dawson
13%
Miami DolphinsJoe Thiesmann
9%

Score Distribution

Percentile by Number Answered

Percent of People with Each Score

Your Score History

You have not taken this quiz